<?xml version="1.0" encoding="UTF-8"?>
<collection xmlns="http://www.loc.gov/MARC21/slim">
 <record>
  <leader>00911nam a2200205 a 4500</leader>
  <controlfield tag="001">1/34926</controlfield>
  <controlfield tag="008">080618s2006    it  bd        00010 eng  </controlfield>
  <datafield tag="035" ind1=" " ind2=" ">
   <subfield code="l">37428</subfield>
  </datafield>
  <datafield tag="040" ind1=" " ind2=" ">
   <subfield code="a">GR-PeUP</subfield>
  </datafield>
  <datafield tag="082" ind1="0" ind2="0">
   <subfield code="a">332.494 CON</subfield>
  </datafield>
  <datafield tag="111" ind1="2" ind2=" ">
   <subfield code="a">Conference on Experience with and Preparations for the Euro</subfield>
   <subfield code="d">(2006 :</subfield>
   <subfield code="c">Vienna, Italy)</subfield>
  </datafield>
  <datafield tag="245" ind1="1" ind2="0">
   <subfield code="a">Conference on &quot;Experience with and Preparations&quot;, May 10 to 12, 2006, Linz, Austria /</subfield>
   <subfield code="c">Oesterreichische Nationalbank, Wirtschaftskammer Osterreich.</subfield>
  </datafield>
  <datafield tag="260" ind1="0" ind2=" ">
   <subfield code="a">Vienna :</subfield>
   <subfield code="b">Oesterreichische Nationalbank,</subfield>
   <subfield code="c">2006.</subfield>
  </datafield>
  <datafield tag="300" ind1=" " ind2=" ">
   <subfield code="a">190 σ. :</subfield>
   <subfield code="b">πιν., χαρτ. ;</subfield>
   <subfield code="c">24 εκ.</subfield>
  </datafield>
  <datafield tag="504" ind1=" " ind2=" ">
   <subfield code="a">Περιέχει βιβλιογραφικές αναφορές.</subfield>
  </datafield>
  <datafield tag="650" ind1=" " ind2="4">
   <subfield code="a">Monetary policy</subfield>
   <subfield code="z">European Union countries.</subfield>
  </datafield>
  <datafield tag="650" ind1=" " ind2="4">
   <subfield code="a">Euro.</subfield>
  </datafield>
  <datafield tag="710" ind1="2" ind2=" ">
   <subfield code="a">Oesterreichische Nationalbank.</subfield>
  </datafield>
  <datafield tag="710" ind1="2" ind2=" ">
   <subfield code="a">Wirtschaftskammer Osterreich.</subfield>
  </datafield>
  <datafield tag="852" ind1=" " ind2=" ">
   <subfield code="a">INST</subfield>
   <subfield code="b">UNIPILB</subfield>
   <subfield code="c">MAIN</subfield>
   <subfield code="e">20080618</subfield>
   <subfield code="h">332.494 CON</subfield>
   <subfield code="p">00155577</subfield>
   <subfield code="q">00155577</subfield>
   <subfield code="t">LOAN</subfield>
   <subfield code="y">0</subfield>
   <subfield code="4">1</subfield>
  </datafield>
 </record>
</collection>
